logo

Bir Sreshtho Munshi Abdur Rouf Library
Jhenaidah Cadet College

চাঁদের বলয় / (Record no. 3108)

MARC details
000 -LEADER
fixed length control field 00694nam a2200229 a 4500
001 - CONTROL NUMBER
JCCL Control Number 3108
003 - CONTROL NUMBER IDENTIFIER
JCCL marc code BD-JhCC
005 - DATE AND TIME OF LATEST TRANSACTION
control field 20171109203926.0
008 - FIXED-LENGTH DATA ELEMENTS--GENERAL INFORMATION
fixed length control field 171109s1981 bg |||| ||a| 000 0 ben d
035 ## - SYSTEM CONTROL NUMBER
system control number (BD-JhCC)3108
040 ## - CATALOGING SOURCE
Original cataloging agency BD-JhCC
Modifying agency BD-JhCC
041 ## - LANGUAGE CODE
Language code of Book ben
082 ## - DEWEY DECIMAL CLASSIFICATION NUMBER
Classification number 891.442
Author mark and Year ANU 1981
100 ## - MAIN ENTRY--PERSONAL NAME
Personal name অ্যানুই, জ্যাঁ
245 ## - TITLE STATEMENT
Title চাঁদের বলয় /
Statement of responsibility, etc জ্যাঁ অ্যানুই,
260 ## - PUBLICATION, DISTRIBUTION, ETC. (IMPRINT)
Place of publication, distribution, etc ঢাকা :
Name of publisher, distributor, etc বাংলা একাডেমী,
Date of publication, distribution, etc 1981
300 ## - PHYSICAL DESCRIPTION
Pagination 121 p. :
Dimensions 20 cm.
650 ## - SUBJECT ADDED ENTRY--TOPICAL TERM
Topical term or geographic name as entry element Bengali Drama
700 ## - ADDED ENTRY--PERSONAL NAME
Personal name খান, নূরুল ইসলাম (অনু)
942 ## - ADDED ENTRY ELEMENTS (KOHA)
Source of classification or shelving scheme Dewey Decimal Classification
Koha item type Books
Holdings
Source of classification or shelving scheme Damaged status Not for loan Home library Current library Shelving location Date of accession Cost, normal purchase price Total Checkouts Full call number Barcode Date last seen Copy number Koha item type
Dewey Decimal Classification     JCC Rouf Library JCC Rouf Library General Stacks 11/09/2017 10.00   891.442 ANU 1981 4873 11/09/2017 C-1 Books

JCC Library | Contacts | JCC Home

Last Update on 23 September 2017
Copyright @ 2017-2020 JCC Rouf Library
Rouf Library, Jhenidah Cadet College (JCC), Bangladesh